| 000 | 00710nam a2200229Ia 4500 | ||
|---|---|---|---|
| 001 | 3290 | ||
| 003 | GE_BSU | ||
| 008 | 181216s||||||||xx |||||||||||||| ||und|| | ||
| 040 | _cGE_BSU | ||
| 080 | _a665=66(075) | ||
| 100 | _aБелов,П.С. | ||
| 245 | _aОсновы технологии нефтехимического синтеза. | ||
| 245 | _bУчебник. | ||
| 245 | _cРед.Н.И.Урывалова, А.А Рогайлина. | ||
| 250 | _aИзд.второе. перераб. | ||
| 260 | _aМ. | ||
| 260 | _bХимия. | ||
| 260 | _c1982. | ||
| 300 | _a280стр.илл. | ||
| 653 | _aОсновы технологии нефтехимического синтеза. | ||
| 942 | _cBK | ||
| 999 |
_c37331 _d37331 |
||